Hướng dẫn thiết kế đồ án công nghệ chế tạo máy : ( Dùng cho sinh viên các trường đại học và cao đẳng của các hệ đào tạo )
Nội dung tài liệu là hướng dẫn người đọc phương pháp thực hiện các nội dung chính khi thiết kế đồ án công nghệ chế tạo máy.
محفوظ في:
| المؤلف الرئيسي: | |
|---|---|
| التنسيق: | كتاب |
| اللغة: | Undetermined |
| منشور في: |
Hà Nội
Khoa học và Kỹ thuật
2004
|
| الموضوعات: | |
| الوسوم: |
إضافة وسم
لا توجد وسوم, كن أول من يضع وسما على هذه التسجيلة!
|
| Thư viện lưu trữ: | Trung tâm Học liệu Trường Đại học Cần Thơ |
|---|
| LEADER | 01164nam a2200241Ia 4500 | ||
|---|---|---|---|
| 001 | CTU_62618 | ||
| 008 | 210402s9999 xx 000 0 und d | ||
| 020 | |c 52000 | ||
| 082 | |a 621.82 | ||
| 082 | |b L451 | ||
| 100 | |a Nguyễn, Đắc Lộc | ||
| 245 | 0 | |a Hướng dẫn thiết kế đồ án công nghệ chế tạo máy : | |
| 245 | 0 | |b ( Dùng cho sinh viên các trường đại học và cao đẳng của các hệ đào tạo ) | |
| 245 | 0 | |c Nguyễn Đắc Lộc ( chủ biên ), Lưu Văn Nhang | |
| 260 | |a Hà Nội | ||
| 260 | |b Khoa học và Kỹ thuật | ||
| 260 | |c 2004 | ||
| 520 | |a Nội dung tài liệu là hướng dẫn người đọc phương pháp thực hiện các nội dung chính khi thiết kế đồ án công nghệ chế tạo máy. | ||
| 526 | |a Đồ án Công nghệ chế tạo máy,Công nghệ chế tạo máy 2 | ||
| 526 | |b CN529,CN388 | ||
| 650 | |a Mechanical engineering,Machine design,Machine parts | ||
| 904 | |i Minh,Qhieu đã sửa | ||
| 980 | |a Trung tâm Học liệu Trường Đại học Cần Thơ | ||